00444nam a2200169Ia 450000500170000000800410001704000190005804100120007708200160008910000200010524500650012526000260019030000110021650400190022765000180024685000100026420230103153356.0131103s9999 xx 000 0 und d aLoreto College aEnglish a822.09bRIB aRibner, Irving  aJacobean Tragedyb the quest for moral order cIrving Ribner aLondonbMetbuenc1962 a179p.  aIncludes index aEnglish drama aLCLIB